1029 1231 1126 1331 1992 1010 1872 1558 1551 1669 1795 1140 1797 1977 1721 1491 1108 1762 1560 1360 1252 1438 1066 1910 1446 1923 1303 1095 1321 1932 1531 1793 1145 1875 1647 1255 1606 1023 1689 1290 1511 1376 1276 1916 1543 1641 1269 1714 1989 1119 1824 1535 1067 1102 1491 1892 1605 1818 1739 1479 1580 1355 1553 1263 1658 1176 1758 1912 1269 1582 1406 1764 1741 1893 1314 1760 1492 1742 1183 1586 1389 1323 1473 1973 1249 1504 1028 1666 1850 1249 1931 1056 1124 1467 1805 1149 1815 1340 1708 BCNSPRNW ULIB Ver.6.0+V

เปลี่ยนเป็นภาษาไทย

Change to English
 แสดงรายละเอียดบรรณานุกรม
  กลับหน้าหลัก

Brief Record : Get Marc (ISO 2709) : E-mail record : QR code < ปิดหน้าต่าง
LEADER : 00000nam 2200000uu 4500
001    13399113513
003     ULIB
008    110627s2550||||th 000 0 tha d
020    9789749450017
090    นว.^bA111ซ ล.1 2550
100 0  Angie Sage
245 00 เซ็ปติมัส ฮีป ปาฏิหาริย์หมายเลขเจ็ด 1 ทายาทราชินี/^cAngie Sage
250    พิมพ์ครั้งที่ 2
260    กรุงเทพฯ :^bนานมีบุ๊คส์,^c2550
300    528 หน้า
710 1  นานมีบุ๊คส์
945    ^p298^l0^i022068
995    ทศพร
999 ^a ใช้งานได้ทุกระบบ
รายการนี้ยังไม่มีแท็ก
คุณยังไม่ได้ล็อกอิน คุณสามารถมีกิจกรรมร่วมกับเว็บไซต์ได้ แต่ต้องล็อกอินก่อน ::
  ล็อกอิน

รายการสื่อสารสนเทศ

ลำดับที่ ประเภท เลขเรียก/บาร์โค้ด สถานที่ สถานะ
1. นวนิยาย
นวนิยาย
นว. A111ซ ล.1 2550 ฉ.1 
  Barcode: 022068
ห้องสมุดวิทยาเขตสวรรค์ประชารักษ์
►นวนิยาย
บนชั้น
  ขอยืม

รายการใกล้เคียง
    ผู้แต่ง [Angie Sage]

BibComment


ยังไม่เคยถูกคอมเมนท์

คอมเมนท์ทรัพยากรรายการนี้
  คอมเมนท์: เซ็ปติมัส ฮีป ปาฏ..


 Copyright 2026. Bcnsprnw @Library